Słownictwo matematyczne - Statystyki

Ogólne statystyki
  • Ten quiz został rozwiązany 6 169 razy
  • Średni wynik to 11 z 20
Statystyki odpowiedzi
Definicja Słowo % Poprawnych
Stosunek długości okręgu do jego średnicy Pi
99%
Wielokąt o pięciu bokach Pięciokąt
92%
Kąt o mierze mniejszej, niż 90 stopni Kąt {ostry}
91%
Przeciwieństwo wklęsłego Wypukły
89%
Liczba nieposiadająca dzielników poza samą siebie i jedynką Liczba {pierwsza}
84%
Trójwymiarowy odpowiednik koła Kula
81%
W ułamku zwykłym; liczba poniżej kreski ułamkowej Mianownik
78%
Nazwa najdłuższego boku trójkąta prostokątnego Przeciwprostokątna
76%
Operacja reprezentowana przez znak ! Silnia
69%
Trójkąt, którego wszystkie boki różnią się długością Trójkąt {różnoboczny}
62%
Zbiór liczb całkowitych nieujemnych Liczby {naturalne}
58%
Punkt styku boków danego wielokąta Wierzchołek
48%
Działanie na elementach ciągu; reprezentowane symbolem ∑ Suma
46%
Wielkość wektorowa określająca szybkość oraz kierunek Prędkość
33%
Pierwiastki kwadratowe z liczb ujemnych Liczby {urojone}
31%
Najczęściej powtarzająca się wartość danego zbioru Moda / Dominanta
26%
Liczba, której nie da się uzyskać dzieląc dwie liczby całkowite Liczba {niewymierna}
23%
10 do setnej potęgi Googol
22%
Dwuwymiarowy odpowiednik prostej Płaszczyzna
16%
Czworościany i dwunastościany to przedstawiciele tej grupy brył Wielościany
9%
Nie znaleziono quizów pasujących do podanych kryteriów
Rozkład punktacji
Procent ludzi z każdym wynikiem
Percentyl według liczby udzielonych odpowiedzi
Twoja historia wyników
Nie rozwiązałeś tego quizu